<?xml version="1.0" encoding="UTF-8"?>
<record
    xmlns:xsi="http://www.w3.org/2001/XMLSchema-instance"
    xsi:schemaLocation="http://www.loc.gov/MARC21/slim http://www.loc.gov/standards/marcxml/schema/MARC21slim.xsd"
    xmlns="http://www.loc.gov/MARC21/slim">

  <leader>01264naa a2200217 i 4500</leader>
  <controlfield tag="001">2655</controlfield>
  <controlfield tag="003">KOSZ 005</controlfield>
  <controlfield tag="005">20180203103243.0</controlfield>
  <controlfield tag="008">150317s2007    pl     f     |000 0 pol</controlfield>
  <datafield tag="040" ind1=" " ind2=" ">
    <subfield code="c">BPK</subfield>
    <subfield code="d">KOSZ 005/EG</subfield>
  </datafield>
  <datafield tag="080" ind1=" " ind2=" ">
    <subfield code="a">346.54</subfield>
  </datafield>
  <datafield tag="100" ind1="1" ind2=" ">
    <subfield code="a">IVANOV, Arkadiy.</subfield>
    <subfield code="d">2002 - .</subfield>
    <subfield code="b">Politechnika Koszali&#x144;ska - Instytut Ekonomii i Zarz&#x105;dzania,</subfield>
    <subfield code="c">Zak&#x142;ad Finans&#xF3;w</subfield>
  </datafield>
  <datafield tag="245" ind1="1" ind2="0">
    <subfield code="a">Wybrane aspekty analizy kategorii "reputacja biznesowa" /</subfield>
    <subfield code="c">Arkadiusz Iwanow, Eugeniusz Janowicz, Andrzej Kachnowicz, Oksana &#x17B;ywotowska.</subfield>
  </datafield>
  <datafield tag="500" ind1=" " ind2=" ">
    <subfield code="a">Dane z autopsji.</subfield>
  </datafield>
  <datafield tag="520" ind1=" " ind2=" ">
    <subfield code="a">Kszta&#x142;towanie pozytywnej reputacji jest niezb&#x119;dnym warunkiem osi&#x105;gni&#x119;cia ci&#x105;g&#x142;ego i stabilnego rozwoju firmy. W ekonomice rynkowej, gdzie konkurencja stale si&#x119; zwi&#x119;ksza, pomy&#x15B;lna dzia&#x142;alno&#x15B;&#x107; przedsi&#x119;biorstwa i reputacja biznesowa nabiera szczeg&#xF3;lnej wagi.</subfield>
  </datafield>
  <datafield tag="650" ind1=" " ind2="0">
    <subfield code="a">Przedsi&#x119;biorstwo.</subfield>
  </datafield>
  <datafield tag="650" ind1=" " ind2="0">
    <subfield code="a">Etyka biznesu.</subfield>
  </datafield>
  <datafield tag="700" ind1="1" ind2=" ">
    <subfield code="a">JANOWICZ, Eugeniusz.</subfield>
    <subfield code="d">1999 - .</subfield>
    <subfield code="b">Politechnika Koszali&#x144;ska - Instytut Ekonomii i Zarz&#x105;dzania,</subfield>
    <subfield code="c">Zak&#x142;ad Finans&#xF3;w</subfield>
  </datafield>
  <datafield tag="773" ind1="0" ind2=" ">
    <subfield code="i">W :</subfield>
    <subfield code="t">Teoretyczne i praktyczne aspekty rozwoju regionalnego. T.2 / red. nauk. Eugeniusz Janowicz. -</subfield>
    <subfield code="d">S&#x142;upsk : Wydaw. Wy&#x17C;szej Hanzeatyckiej Szko&#x142;y Zarz&#x105;dzania, 2007. -</subfield>
    <subfield code="g">s. 59-68</subfield>
  </datafield>
  <datafield tag="942" ind1=" " ind2=" ">
    <subfield code="c">ROZ</subfield>
    <subfield code="2">UKD</subfield>
  </datafield>
  <datafield tag="999" ind1=" " ind2=" ">
    <subfield code="c">2655</subfield>
    <subfield code="d">2655</subfield>
  </datafield>
  <datafield tag="952" ind1=" " ind2=" ">
    <subfield code="0">0</subfield>
    <subfield code="1">0</subfield>
    <subfield code="4">0</subfield>
    <subfield code="7">0</subfield>
    <subfield code="a">BPK</subfield>
    <subfield code="b">BPK</subfield>
    <subfield code="o">94593</subfield>
    <subfield code="y">ROZ</subfield>
  </datafield>
</record>
